| 000 | 00918nam a22001457a 4500 | ||
|---|---|---|---|
| 008 | 110616t xxu||||| |||| 00| 0 eng d | ||
| 010 | _aCACAF46 | ||
| 245 | _aCourt of Appeal Criminal Appeal No. 84 OF 2000 Mukwanga G. William Vs Uganda | ||
| 260 | _c2000 | ||
| 500 | _aCoram: Hon. Lady Justice L.E.M. Mukasa-Kikonyogo, DCJ Hon. Mr. Justice J.P. Berko,JA Hon. Mr. Justice S.G. Engwau, JA | ||
| 500 | _aAppeal from a conviction and sentence of the High Court of Uganda holden at Mukono before Mr. Justice P.K.K. Onega dated 3rd day of October 2000 in Criminal Session Case No. 730 of 1999 | ||
| 999 |
_c3077 _d3077 |
||